000
00230 a2200097 4500
001
7176
100
_a
Carter, G.W
245
_a
The Electromagnetic field in its engineering aspect
260
_a
_b
Longmans
_c
090
_c
5944
_d
5944
942
_a
NUST-CAE
_c
M
_c
32427
999
_c
242249
_d
242249